Normal view MARC view
  • Komal Deshmukh - 2k151134; Archana Tatkar - Guide & Tata Consultancy Services

Entry Personal Name

Number of records used in: 1

001 - CONTROL NUMBER

  • control field: 105107

003 - CONTROL NUMBER IDENTIFIER

  • control field: OSt

005 - DATE AND TIME OF LATEST TRANSACTION

  • control field: 20221007221542.0

008 - FIXED-LENGTH DATA ELEMENTS

  • fixed length control field: 221007|| aca||aabn | a|a d

040 ## - CATALOGING SOURCE

  • Original cataloging agency: OSt
  • Transcribing agency: OSt

100 ## - HEADING--PERSONAL NAME

  • Personal name: Komal Deshmukh - 2k151134; Archana Tatkar - Guide & Tata Consultancy Services

670 ## - SOURCE DATA FOUND

  • Source citation: Work cat.: (OSt)80007: Komal Deshmukh - 2k151134; Archana Tatkar - Guide & Tata Consultancy Services, Employer Branding A Strategy For Talent Attraction, 2015